| 000 | 00961cam a22002897a 4500 | ||
|---|---|---|---|
| 003 | CHAP | ||
| 005 | 20220329141533.0 | ||
| 008 | 971013s r 00010 d | ||
| 010 | _a69801 | ||
| 011 | _a70773 | ||
| 035 | _a80326 | ||
| 040 | _cCHAP | ||
| 090 | _aR-2472 | ||
| 100 | 0 | 0 |
_aKopp, Raymond J. _963726 |
| 245 | 0 |
_aImplications of environmental policy for U.S. Agriculture _b: the case of ambient ozone standars |
|
| 500 | _aSobretiro de: Journal Enviromental Management 20 : 321-331, 1985 | ||
| 590 |
_aBATCH-UPD _b10 _c20130110 _lUCH01 _h0327 |
||
| 590 |
_aBATCH-UPD _b10 _c20130110 _lUCH01 _h1624 |
||
| 590 |
_aBATCH-UPD _b10 _c20130410 _lUCH01 _h0001 |
||
| 590 |
_aBATCH-UPD _b10 _c20130914 _lUCH01 _h1709 |
||
| 590 |
_aCONVERSION _b10 _c20130109 _lUCH01 _h1338 |
||
| 650 | 1 | 4 |
_aMedio ambiente _xContaminación. _974069 |
| 650 | 1 | 4 |
_aOzono _xEfecto en plantas. _984493 |
| 901 | _aBK | ||
| 942 | _cREIMP | ||
| 949 |
_aR-2472 _bBC _cR _d-33228 _eTS1 _i80326 _si |
||
| 999 |
_c69801 _d69801 |
||